| 000 | 00440nam a22001817a 4500 | ||
|---|---|---|---|
| 003 | MPLRDC | ||
| 005 | 20220104144534.0 | ||
| 008 | 210129b ||||| |||| 00| 0 eng d | ||
| 020 | _a7-104-00286-3 | ||
| 082 | _a854.1 ZG | ||
| 100 | _a张庚、郭汉城主编 | ||
| 245 |
_a中国戏曲通史 _c |
||
| 250 | _a初版 | ||
| 260 |
_a _b中国戏剧出版社 _c1992 |
||
| 300 | _b平 | ||
| 650 | _a剧本--剧话 | ||
| 942 |
_cBK _o854.1 ZG |
||
| 999 |
_c50600 _d50590 |
||